Wordt geladen...

Climate Change: Meeting the challenge Vol I

Bibliografische gegevens
Hoofdauteur: Gupta,K R
Formaat: Printed Book
Gepubliceerd in: Atlantic Publishers New Delhi 2010
Onderwerpen:
LEADER 00540nam a2200193 4500
020 |c 750 
082 |a 337.4 GUP-C 
100 |a Gupta,K R 
245 |a Climate Change: Meeting the challenge Vol I 
250
260 |a Atlantic Publishers New Delhi  |c 2010 
300
490
500
590 |a MBC,Tvpm  |c 750 
650 |a Climate change-Developing countries 
942 |c BK 
999 |c 116168  |d 116168 
952 |0 0  |1 0  |4 0  |6 337_400000000000000_GUPC  |7 0  |9 129635  |a ECN  |b ECN  |g 750.00  |l 0  |o 337.4 GUP-C  |p ECN13188  |r 2019-09-25  |w 2019-09-25  |y BK